MARC details
| 000 -CABECERA |
| campo de control de longitud fija |
02660nab a2200277 a 4500 |
| 005 - FECHA Y HORA DE LA ÚLTIMA TRANSACCIÓN |
| campo de control |
20250411063841.0 |
| 008 - ELEMENTOS DE LONGITUD FIJA--INFORMACIÓN GENERAL |
| campo de control de longitud fija |
991125c2019 cr zr p o 000 0 spa d |
| 035 ## - NÚMERO DE CONTROL DEL SISTEMA |
| Número de control de sistema |
UPN01000229061 |
| 040 ## - FUENTE DE LA CATALOGACIÓN |
| Centro catalogador/agencia de origen |
MX-MxUPN |
| Lengua de catalogación |
spa |
| Centro/agencia transcriptor |
MX-MxUPN |
| Normas de descripción |
aacr2 |
| 049 ## - COLECCIÓN |
| Colección |
ART-E |
| 100 1# - ASIENTO PRINCIPAL--NOMBRE PERSONAL |
| Nombre de persona |
Álvarez Hernández, Gabriel Alejandro |
| Enlace |
- gabo.alvarezh@gmail.com |
| 245 10 - MENCIÓN DE TÍTULO |
| Título |
Experiencias de estudiantes de pedagogía en la Facultad de Estudios Superiores Aragón en México: Contenidos curriculares y prácticas fuera del aula desde relatos e historietas |
| Medio |
[recurso electrónico en línea] |
| 506 0# - NOTA DE RESTRICCIONES AL ACCESO |
| Limitaciones de acceso |
Acceso abierto |
| 520 3# - NOTA DE RESUMEN, ETC. |
| Sumario, etc. |
El estudiantado de la licenciatura en pedagogía de la Facultad de Estudios Superiores Aragón en México se encuentran con la dificultad de no hallarle sentido a los contenidos teóricos que son parte del plan de estudios, caen en crisis y duda sobre seguir estudiando o no esta carrera. Este trabajo expone algunas experiencias de estudiantes que lograron sobrepasar dicha situación a partir de vivir la pedagogía fuera de la escuela. Metodológicamente, eltrabajo fue interpretativo con enfoque cualitativo, se partió de la fenomenología hermenéutica y se ocupó el método biográfico narrativo. Asimismo, se utilizó como instrumentos el cuestionario y la entrevista conversacional, además de lahistorieta en el caso de una sola estudiante. Inicialmente se trabajó con 101 estudiantes, quefueron poco más del 60% de la generación turno matutino. Posteriormente, con seis para las entrevistas y consecuentementese construyeron cinco categorías de análisis, de las cuales se destaca una titulada El estudiante y el “allá afuera”. Los resultados obtenidos demostraron que el estudiantado logra darle sentido y significado a los contenidos curriculares que les enseña el profesorado cuando pueden articularloscon la experiencia concreta del quehacer pedagógico, ya sea en una escuela o en cualquier otro espacio laboral donde la pedagogía interviene. Finalmente, se concluye que,hay una necesidad del estudiantadopor encontrarle sentido a lo que se le enseña en prácticas concretas fuera de la escuela en el quehacer profesional. |
| 650 #0 - ASIENTO SECUNDARIO DE MATERIA - TERMINO TEMATICO |
| 9 (RLIN) |
9298 |
| Término de materia o nombre geográfico como elemento de entrada |
Estudiantes universitarios |
| 650 #4 - ASIENTO SECUNDARIO DE MATERIA - TERMINO TEMATICO |
| Término de materia o nombre geográfico como elemento de entrada |
Formación profesional |
| 9 (RLIN) |
9108 |
| 650 #4 - ASIENTO SECUNDARIO DE MATERIA - TERMINO TEMATICO |
| Término de materia o nombre geográfico como elemento de entrada |
Educación superior |
| 9 (RLIN) |
32 |
| 653 0# - TERMINO DE INDIZACION - NO CONTROLADO |
| Término no controlado |
Relatos |
| 653 05 - TERMINO DE INDIZACION - NO CONTROLADO |
| Término no controlado |
México |
| 773 ## - ENLACE AL DOCUMENTO FUENTE/ENTRADA DE REGISTRO ANFITRIÓN |
| Parte(s) relacionada(s) |
Vol. 19, no. 1 (2019), p. 1-38 |
| Título |
Actualidades investigativas en educación |
| Número Internacional Normalizado para Publicaciones Seriadas |
0210-2773 |
| 856 40 - LOCALIZACIÓN Y ACCESO ELECTRÓNICOS |
| Identificador Uniforme del Recurso |
<a href="https://revistas.ucr.ac.cr/index.php/aie/article/view/35712/36384">https://revistas.ucr.ac.cr/index.php/aie/article/view/35712/36384</a> |
| 856 40 - LOCALIZACIÓN Y ACCESO ELECTRÓNICOS |
| Identificador Uniforme del Recurso |
<a href="10.15517/aie.v19i1.35712">10.15517/aie.v19i1.35712</a> |
| 902 ## - ELEMENTOS DE DATOS B LOCAL, LDB (RLIN) |
| Creó |
Gloria Jiménez |
| Modificó |
Gloria Jiménez/300523 |
| 905 ## - TIPO DE MATERIAL |
| Tipo de material |
Articulo |
| 942 ## - ELEMENTOS DE PUNTO DE ACCESO ADICIONAL (KOHA) |
| Tipo de ítem Koha |
Artículo Electrónico |